High-Risk Training: (Record no. 225)

MARC details
000 -LEADER
fixed length control field 01182nam a2200157 4500
020 ## - INTERNATIONAL STANDARD BOOK NUMBER
ISBN 0893972983
050 ## - CALL NUMBER
Classification number HF5549
Item number .5.T7W36
100 ## - AUTHOR
Personal name Ward,Gary
245 ## - TITLE
Title High-Risk Training:
Remainder of title managing training programs for high-risk occupations,
Statement of responsibility, etc Ward,Gary.
260 ## - PUBLICATION INFORMATION
Place of publication London
Name of publisher Kogan Page, Ltd.
Year of publication 1998
300 ## - DESCRIPTION
Number of Pages xix; 277 p.:
Other physical details ill,
Dimensions 24 cm.
500 ## - NOTES
General note Includes indexe.
505 ## - FORMATTED CONTENTS NOTE
Table of Content Introduction: The challenge of high-risk training --<br/>Part 1: Developing --<br/>1. What you need to know --<br/>2. Developing curriculum --<br/>3. Developing staff --<br/>4. Developing procedures --<br/>5. Developing records --<br/>Part 2: Utilizing --<br/>6. Utilizing curriculum --<br/>7. Utilizing staff --<br/>8. Utilizing procedures --<br/>9. Utilizing records --<br/>Part 3: Evaluating --<br/>10. Evaluating curriculum --<br/>11. Evaluating staff --<br/>12. Evaluating procedures --<br/>13. Evaluating records --<br/>Part 4: Training through simulation --<br/>14. Simulating management --<br/>15. Simulation scenario development --<br/>16. Simulation instruction methods --<br/>17. Conclusion: Implementation and emerging trends --<br/>Appendix: Sample procedure on developing procedures.
650 ## - SUBJECTS
Topical Term Employees,
General subdivision Training of-Management
942 ## - ADDED ENTRY ELEMENTS (KOHA)
Koha item type Books
Holdings
Withdrawn status Lost status Home library Current library Shelving location Date acquired Full call number Accession Number Koha item type
    Methodist University Library Tema Methodist University Library Tema General Stacks 26/01/2006 HF5549 .5.T7W36 21315 Books
Copyright © 2026  MUG Library